000 00742nam a22001937a 4500
999 _c62502
_d62502
003 Ge_BSU
005 20241119122634.0
008 241119s1945 ge ||||| |||| 00| 0 geo d
041 _ageo
080 _a616-006.6 ვ-43
100 _aვეფხვაძე, კ.ფ.
_923739
245 _aრა არის კიბო და როგორ ვებრძოლოთ მას /
_cკ.ვ. ვეფხვაძე.
264 _aთბილისი :
_b საქმედგამი,
_c1945.
300 _a20 გვ. ;
_b20 სმ.
653 _aრა არის კიბო და როგორ ვებრძოლოთ მას
653 _aკიბო
653 _aმედიცინა
942 _2udc
_cBK